| 000 | 00818cam a2200253 a 4500 | ||
|---|---|---|---|
| 001 | 2597000 | ||
| 005 | 20250324091029.0 | ||
| 008 | 970327s1998 nyu 001 0 eng | ||
| 020 | _a0070578915 (alk. paper) | ||
| 020 | _a9780070578913 | ||
| 050 | 0 | 0 |
_aLB2806.4 _b.S47 1998 |
| 082 | 0 | 0 |
_a371.2/03/0973 _221 |
| 100 | 1 | _aSergiovanni, Thomas J. | |
| 245 | 1 | 0 |
_aSupervision : _ba redefinition / _cThomas J. Sergiovanni, Robert J. Starratt. |
| 250 | _a6th ed. | ||
| 260 |
_aNew York : _bMcGraw-Hill, _cc1998. |
||
| 300 |
_axv, 333 p. ; _c25 cm. |
||
| 500 | _aIncludes index. | ||
| 650 | 0 |
_aSchool supervision _zUnited States. |
|
| 650 | 0 |
_aSchool management and organization _zUnited States. |
|
| 650 | 0 |
_aSchool personnel management _zUnited States. |
|
| 700 | 1 | _aStarratt, Robert J. | |
| 942 |
_2lcc _cBK _e6th Ed. _n0 |
||
| 999 |
_c5107 _d5107 |
||